000 00854nam a2200217 a 4500
001 000014821
005 20200929163915.0
008 100122s1997 dr 001 0 spa d
040 _aDO-SdBNP
_bspa
_cBNPHU
082 _a141.2
_bA445p
100 1 _aAlmánzar, Micaya
_933572
245 1 0 _aPlatón :
_bverdad y poder, ensayo sobre las relaciones entre las teoría de las ideas y los principios de legitimidad en Occidente (notas de un encuentro ) /
_cMicaya Almánzar.
250 _a3a. ed.
260 _aSanto Domingo :
_bCODEX
_bInstituto de Investigaciones Filosóficas,
_c1997.
300 _a79 p. ;
_c18 cm.
500 _aIncluye referencias bibliográficas y notas al pie de las páginas
504 _aIncluye bibliografía (p. 77 - 79 )
600 1 4 _aPLATÓN
_xCRÍTICA E INTERPRETACIÓN
_933573
650 4 _aPlatonismo
_933574
049 _aBNPD
999 _c14402
_d14402